Search the Library Catalogue
| 000 -LEADER | |
|---|---|
| fixed length control field | 00623nam a2200181 a 4500 |
| 008 - FIXED-LENGTH DATA ELEMENTS--GENERAL INFORMATION | |
| fixed length control field | 260311s2026##################000#0#eng## |
| 020 ## - INTERNATIONAL STANDARD BOOK NUMBER | |
| ISBN | 9780335214655 |
| Paper back/Hardbound | pbk |
| 082 04 - DEWEY DECIMAL CLASSIFICATION NUMBER | |
| Classification number | 362.1782094 MOS |
| 100 ## - MAIN ENTRY--AUTHOR NAME | |
| Personal name | edited by Mossialos,Elias |
| 245 10 - TITLE STATEMENT | |
| Title | Regulating Pharmaceuticals In Europe: Striving For Efficiency, Equity, And Quality |
| Statement of responsibility, etc | \edited by Elias Mossialos , Monique Mrazek ,and Tom Walley |
| 250 ## - EDITION STATEMENT | |
| Edition statement | 1st ed. |
| 260 ## - PUBLICATION, DISTRIBUTION, ETC. (IMPRINT) | |
| Place of publication | England: |
| Name of publisher | Open Univ Pr, |
| Year of publication | 2004. |
| 300 ## - PHYSICAL DESCRIPTION | |
| Number of Pages | XIX,368p. |
| Dimensions | ;24cm. |
| 650 ## - SUBJECT ADDED ENTRY--TOPICAL TERM | |
| Topical Term | Environmental health |
| Topical Term | Public health service in Europe |
| 942 ## - ADDED ENTRY ELEMENTS (KOHA) | |
| Koha item type | English Books |
| Withdrawn status | Lost status | Damaged status | Not for loan | Home library | Current library | Shelving location | Date acquired | Full call number | Accession Number | Price effective from | Koha item type |
|---|---|---|---|---|---|---|---|---|---|---|---|
| Anna Centenary Library | Anna Centenary Library | 4TH FLOOR, A WING | 11.03.2026 | 362.1782094 MOS | 406884 | 11.03.2026 | English Books |